| 000 | 01297nam a2200265 a 4500 | ||
|---|---|---|---|
| 008 | 120416s1987 ||||||||||||||||| || u | ||
| 020 | _a0275928020 | ||
| 050 | _aKF 5698 Gar | ||
| 100 | _aGarrett, Martin A | ||
| 245 | 1 | 0 | _aLand use regulation |
| 246 | _athe impacts of alternative land use rights | ||
| 260 |
_aNew York _bPraeger _c1987 |
||
| 300 | _axix, 146p. : ill | ||
| 350 | _a0.00 | ||
| 500 | _aIncludes index. -Bibliography: p. [135]-140. | ||
| 650 | _aZONING LAW--UNITED STATES | ||
| 650 | _aLAND | ||
| 650 | _aLAND USE--UNITED STATES | ||
| 650 | _aLAND USE--LAW AND LEGISLATION--UNITED STATES | ||
| 650 | _aZONING--UNITED STATES | ||
| 995 |
_aANNEX COLLECTION (Main Library) _D0.00 _e725044 _FCBU-MAIN LIBRARY (Kitwe) _H2 _I33.95 _jKF 5698 Gar _M3 _UAVAILABLE _y009576 _ZAnnex Low-Usage Collection |
||
| 995 |
_aANNEX COLLECTION (Main Library) _D0.00 _e725041 _FCBU-MAIN LIBRARY (Kitwe) _H1 _I33.95 _jKF 5698 Gar _M2 _UAVAILABLE _y009575 _ZAnnex Low-Usage Collection |
||
| 995 |
_aANNEX COLLECTION (Main Library) _D0.00 _e725043 _FCBU-MAIN LIBRARY (Kitwe) _H4 _I33.95 _jKF 5698 Gar _M4 _UAVAILABLE _y009577 _ZAnnex Low-Usage Collection |
||
| 995 |
_aANNEX COLLECTION (Main Library) _D0.00 _e725042 _FCBU-MAIN LIBRARY (Kitwe) _H3 _I33.95 _jKF 5698 Gar _M1 _UAVAILABLE _y009578 _ZAnnex Low-Usage Collection |
||
| 999 |
_c80597 _d80597 |
||